| 000 | 00393nam a22001217a 4500 | ||
|---|---|---|---|
| 999 |
_c4619 _d235123 |
||
| 080 | _a340.6+ B 52 | ||
| 245 | _aBioética y Derechos HUmanos | ||
| 260 |
_aMar del Plata _bUniversidad Nacional de Mar del Plata- Facultad de Derecho- Secretaría de Posgrado |
||
| 300 | _a163 P: | ||
| 650 |
_xbioetica _xderechos humanos _xargumentacion juridica _xWorking |
||
| 942 | _6_ | ||
| 945 |
_acd _d2017-09-27 |
||